| 000 | 00921cam a2200277 a 4500 | ||
|---|---|---|---|
| 001 | 000014554 | ||
| 005 | 20200929163852.0 | ||
| 008 | 010117s2000 ve ab b 001 0 spa d | ||
| 020 | _a9803790153 | ||
| 035 | _a(BoCbEI)ei 0101M0186 | ||
| 040 |
_aDO-SdBNP _cDLC _dDLC _dBNPHU |
||
| 043 | _as-ve- | ||
| 082 |
_a987 _bV458s |
||
| 245 | 0 | 0 |
_aVenezuela siglo XX : _bvisiones y testimonios / _ccoordinación y edición al cuidado de Asdrúbal Baptista. |
| 246 | 3 | 0 | _aVenezuela siglo 20 |
| 246 | 3 | 0 | _aVenezuela siglo veinte |
| 260 |
_aCaracas : _bFundacion Polar, _c2000. |
||
| 300 |
_a3 v. : _bil. ; _c24 cm. |
||
| 504 | _aIncluye notas y referencias bibliográficas al pie de las páginas. | ||
| 500 | _aIncluye índice | ||
| 651 | 4 |
_aVenezuela _xHistoria _ySIGLO XX _95085 |
|
| 700 | 1 |
_aBaptista, Asdrúbal. _eed. _932942 |
|
| 710 | 2 |
_aFundacion Polar. _93571 |
|
| 910 | _aCatalogación derivada / LC | ||
| 049 | _aBNGR | ||
| 999 |
_c14141 _d14141 |
||